00847cam a22002531 4500001001300000003000400013005001700017008004100034010001700075035001900092040005000111042001200161050001600173082000800189100002500197245006300222260003500285300005100320490008300371504002800454650004100482650002100523810004900544gs 48000007 DLC20260227111353.0770120s1947 xx 000 0 eng c ags 48000007  a(OCoLC)2690817 aU.S. Geol. Survey. Library.cTxEUdOCoLCdDLC apremarc00aTN24.N3bO9 a5531 aOverton, Theodore D.10aMineral resources of Douglas, Ormsby, and Washoe Counties. a[Reno,bThe University]c1947. a91 p.billus. 5 fold. maps (in pocket)c23 cm.1 aUniversity of Nevada Bulletin,vv. 41, no. 9. Geology and mining series no. 46 a"References": p. 87-88. 0aMines and mineral resourceszNevada. 0aGeologyzNevada.2 aNevada Bureau of Mines.tBulletin ;vno. 46.